000 00777nas a2200265 4500
001 BR8102727
003 BR-BrBNA
005 20231205084726.0
007 ta
008 230509b bl.|||p| |||| 00| 00por d
040 _aBR-BrBNA
_bpor
_cBiblioteca Nacional de Agricultura
041 _a(Pt)
072 _aP10
100 1 _aValente, O.F.
100 1 _aCastro, P.S. e
245 1 _aManejo de bacias hidrograficas
650 _aRecurso hidrico
650 _aBacia hidrografica
650 _aAgua
650 _aInfiltracao
650 _aSolo
773 0 _tInforme Agropecuario - Empresa de Pesquisa Agropecuaria de Minas Gerais (Brazil)
_xISSN 0100-3364
_g(Aug 1981), v. 7(80) p. 40-45
_wBR8102727
909 _a202311
_bLúcia
_c55
_dLúcia Elande
942 _2AGRIS
_n0
_cANA
999 _c106893
_d106893